000 00553nam a2200217Ia 4500
001 1399
003 GE_BSU
008 181216s||||||||xx |||||||||||||| ||und||
040 _cGE_BSU
080 _a395(5)
245 _aЭтикет у народов передней Азии
245 _bСборник статей
260 _aМосква
260 _bНаука
260 _c1988
300 _a263стр.
541 _h6л.
653 _aЭтикет
653 _aЭтикет у народов передней Азии
942 _cBK
999 _c35538
_d35538